[Event "Coupe de la Federation (R)"]
[Site "?"]
[Date "2002.??.??"]
[Round "2"]
[White "Martin, Jean-Yves"]
[Black "Vauchot, Joseph"]
[Result "1-0"]
[WhiteElo "1499"]
[BlackElo "1370"]
[PlyCount "111"]
[EventDate "2002.??.??"]

1. d4 c6 2. Nf3 d5 3. c4 Nf6 4. Nc3 e6 5. Bg5 Be7 6. e3 O-O 7. Be2 Nbd7 8. cxd5
Nxd5 9. Bxe7 Nxe7 10. O-O Nf6 11. Qc2 Ned5 12. Nxd5 Nxd5 13. a3 Qe7 14. Rac1 f6
15. Bd3 g6 16. g3 e5 17. e4 Nb6 18. d5 Bh3 19. Rfe1 cxd5 20. exd5 Nxd5 21. Qb3
Be6 22. Bc4 Rfe8 23. Bxd5 Bxd5 24. Qxd5+ Kg7 25. Rc3 Rad8 26. Qb3 b6 27. Rec1
Rd7 28. Qc2 Kh6 29. Qe4 f5 30. Qh4+ Qxh4 31. Nxh4 Red8 32. Kg2 Rd2 33. b4 e4
34. Rc6 R8d6 35. b5 R2d3 36. Rxd6 Rxd6 37. Rc6 Rd2 38. Nxf5+ Kg5 39. Ne3 Ra2
40. h4+ Kh5 41. Rc3 g5 42. hxg5 Kxg5 43. Nd5 Kg4 44. Nf6+ Kf5 45. Nxh7 Ke5 46.
Ng5 Kd4 47. Re3 Kc5 48. Nxe4+ Kc4 49. g4 Rc2 50. g5 Kxb5 51. g6 Rc7 52. f4 Rg7
53. f5 Kc6 54. Kf3 Kd5 55. Nf6+ Kd6 56. Ne8+ 1-0

[Event "Coupe de la Federation (R)"]
[Site "?"]
[Date "2002.??.??"]
[Round "2"]
[White "Boudignon, Jacques"]
[Black "Durbet, Philippe"]
[Result "0-1"]
[WhiteElo "1360"]
[BlackElo "1480"]
[PlyCount "68"]
[EventDate "2002.??.??"]

1. d4 Nf6 2. Nc3 e6 3. e4 Bb4 4. Bd2 Bxc3 5. Bxc3 Nxe4 6. Nf3 Nxc3 7. bxc3 d6
8. Be2 O-O 9. O-O Nd7 10. Rb1 Nf6 11. c4 Ne4 12. Qd3 Nf6 13. d5 e5 14. Ng5 h6
15. Ne4 b6 16. f4 Re8 17. fxe5 Nxe4 18. Qxe4 Rxe5 19. Qf3 Rf5 20. Qd3 Qg5 21.
Rbe1 Re5 22. Qf3 Bf5 23. Bd3 Rxe1 24. Rxe1 Bxd3 25. cxd3 Qd2 26. Re7 Rf8 27.
Rxc7 Qxa2 28. Rd7 Qa1+ 29. Kf2 f6 30. Rxd6 Qe5 31. Rd7 Re8 32. Qe4 Qb2+ 33. Ke3
Rxe4+ 34. Kxe4 Qxg2+ 0-1

[Event "Coupe de la Federation (R)"]
[Site "?"]
[Date "2002.??.??"]
[Round "2"]
[White "Maillet, Patrice"]
[Black "Hurault, Frederic"]
[Result "1-0"]
[WhiteElo "1620"]
[BlackElo "1180"]
[PlyCount "113"]
[EventDate "2002.??.??"]

1. d4 d5 2. c4 e6 3. Nc3 Nf6 4. Bg5 Be7 5. Nf3 O-O 6. e3 c6 7. Bd3 Nbd7 8. O-O
a6 9. a4 c5 10. cxd5 exd5 11. dxc5 Nxc5 12. Bc2 Bg4 13. h3 Bxf3 14. Qxf3 h6 15.
Bxf6 Bxf6 16. Qf5 g6 17. Qxd5 Qxd5 18. Nxd5 Bxb2 19. Rab1 Rfd8 20. Rfd1 Be5 21.
Nb6 Rxd1+ 22. Rxd1 Rb8 23. Rd5 Bc7 24. Nd7 Nxd7 25. Rxd7 Ba5 26. Be4 b5 27.
axb5 axb5 28. Bd5 Rf8 29. Rb7 b4 30. g3 Kg7 31. Rb5 b3 32. Bxb3 Bd2 33. Rb7 Kh8
34. Rxf7 Rb8 35. Bc2 Rb2 36. Bxg6 Rb6 37. Bf5 Kg8 38. Rd7 Rf6 39. e4 Rb6 40. f4
Be3+ 41. Kg2 Rb2+ 42. Kf3 Bc1 43. e5 h5 44. e6 Rb3+ 45. Bd3 Ba3 46. f5 Be7 47.
Ke3 Bg5+ 48. Ke4 Rb4+ 49. Rd4 Rb2 50. Ke5 Kf8 51. h4 Be3 52. Re4 Bf2 53. Re2
Bxg3+ 54. Kd5 Rb3 55. Bc4 Rf3 56. e7+ Ke8 57. Bb5+ 1-0

[Event "Coupe de la Federation (R)"]
[Site "?"]
[Date "2002.??.??"]
[Round "2"]
[White "Thevenet, Quentin"]
[Black "Lanoe, Brendan"]
[Result "0-1"]
[WhiteElo "1240"]
[BlackElo "1610"]
[PlyCount "54"]
[EventDate "2002.??.??"]

1. e4 e5 2. Nf3 Nc6 3. Bc4 Bc5 4. d3 a6 5. Nc3 Na5 6. Bb3 h6 7. Be3 Nxb3 8.
axb3 Be7 9. O-O d6 10. h3 Be6 11. d4 exd4 12. Bxd4 Nf6 13. e5 Nh5 14. g4 Nf4
15. Kh2 h5 16. exd6 Bxd6 17. Bxg7 Rh7 18. Be5 Ng6 19. Bxd6 cxd6 20. Kg3 d5 21.
Re1 Kf8 22. Qd4 Qd6+ 23. Kg2 Nf4+ 24. Kf1 hxg4 25. Ne5 Nxh3 26. Nxg4 Nf4 27.
Ne4 Rh1# 0-1

[Event "Coupe de la Federation (R)"]
[Site "?"]
[Date "2002.??.??"]
[Round "2"]
[White "Perrot, Pierre"]
[Black "Brasseur, Franck"]
[Result "1-0"]
[WhiteElo "1710"]
[BlackElo "1550"]
[PlyCount "51"]
[EventDate "2002.??.??"]

1. d4 d5 2. c4 Nc6 3. cxd5 Qxd5 4. Nf3 Bg4 5. Nc3 Qf5 6. e4 Qh5 7. Be2 e6 8.
Qa4 Bb4 9. d5 Bxc3+ 10. bxc3 exd5 11. exd5 Qxd5 12. Qxg4 g6 13. O-O Nf6 14. Qg3
O-O 15. Qxc7 Rfc8 16. Qf4 Nh5 17. Qd2 Qa5 18. c4 Qxd2 19. Bxd2 Re8 20. Rfe1
Rad8 21. Be3 Rd7 22. Rad1 Rde7 23. Nd4 Nxd4 24. Rxd4 Nf6 25. Bf3 h5 26. Red1
1-0

[Event "Coupe de la Federation (R)"]
[Site "?"]
[Date "2002.??.??"]
[Round "2"]
[White "Cherrid, Jean-Michel"]
[Black "Fantin, Jacques"]
[Result "0-1"]
[WhiteElo "1530"]
[BlackElo "1560"]
[PlyCount "110"]
[EventDate "2002.??.??"]

1. d4 Nf6 2. Nf3 g6 3. c4 Bg7 4. Nc3 O-O 5. e4 d6 6. Bg5 Bg4 7. h3 Bxf3 8. Qxf3
Nc6 9. Rd1 e5 10. d5 Nd4 11. Qd3 a6 12. b3 Rb8 13. Ne2 Nxe2 14. Bxe2 Qd7 15.
Qf3 Qd8 16. Rd3 h6 17. Bc1 Nh7 18. h4 f5 19. g4 f4 20. Qh3 Qd7 21. Rg1 Nf6 22.
g5 Qxh3 23. Rxh3 hxg5 24. Rxg5 Nxe4 25. Rxg6 Rf6 26. Rg1 Kh8 27. h5 Rh6 28. Bd3
Nf6 29. Bg6 Nd7 30. Ba3 b6 31. Bb2 Nf8 32. Bf7 Rf6 33. Bg6 Bh6 34. Bc3 Nh7 35.
Ke2 Rg8 36. Be1 Nf8 37. Kf1 Nxg6 38. hxg6 Rgxg6 39. Rxg6 Rxg6 40. f3 Kg7 41.
Bh4 Bg5 42. Bf2 Rh6 43. Rxh6 Kxh6 44. Ke2 Kh5 45. Kf1 Bh4 46. Bg1 Bg3 47. Kg2
Kh4 48. Kf1 Kh3 49. Bf2 Bxf2 50. Kxf2 Kh2 51. Kf1 Kg3 52. Ke2 Kg2 53. Kd3 Kxf3
54. Kd2 e4 55. Ke1 Ke3 0-1

[Event "Coupe de la Federation (R)"]
[Site "?"]
[Date "2002.??.??"]
[Round "2"]
[White "Allewart, Yoan"]
[Black "Cherrid, Francois"]
[Result "1-0"]
[WhiteElo "1510"]
[BlackElo "1410"]
[PlyCount "45"]
[EventDate "2002.??.??"]

1. e4 e5 2. Nf3 Nc6 3. d4 Nf6 4. Nc3 Bb4 5. dxe5 Nxe4 6. Bd2 Nxc3 7. Bxc3 Bxc3+
8. bxc3 O-O 9. Bb5 Re8 10. Bxc6 bxc6 11. O-O d6 12. Rb1 Bg4 13. Re1 Qc8 14. Qd3
Bf5 15. Qd2 Qe6 16. exd6 Qxd6 17. Qxd6 cxd6 18. Nd4 Be4 19. Re2 Bd5 20. a3 c5
21. Rxe8+ Rxe8 22. Ne2 Rxe2 23. Rb8+ 1-0

[Event "Coupe de la Federation (R)"]
[Site "?"]
[Date "2002.??.??"]
[Round "2"]
[White "Dumont, Quentin"]
[Black "Nyd, Christopher"]
[Result "0-1"]
[WhiteElo "1270"]
[BlackElo "1530"]
[PlyCount "78"]
[EventDate "2002.??.??"]

1. e4 e6 2. d4 d5 3. Nc3 Nf6 4. Bf4 Bb4 5. g3 Nxe4 6. Qd3 Nxc3 7. bxc3 Bd6 8.
Bxd6 cxd6 9. Qb5+ Nc6 10. c4 dxc4 11. Bxc4 O-O 12. d5 Qa5+ 13. Ke2 Nd4+ 14. Ke3
Nxb5 15. Rb1 Qc3+ 16. Bd3 Qd4+ 17. Kd2 Qxf2+ 18. Ne2 Nc7 19. a4 Nxd5 20. Rbf1
Qe3+ 21. Ke1 Bd7 22. g4 Bxa4 23. Rhg1 Rac8 24. Rg3 Qb6 25. c4 Ne7 26. Nc3 Qb4
27. Kd2 Qb2+ 28. Ke3 Qxc3 29. Rg2 Rxc4 30. Rd2 Rd4 31. Rc1 Rxd3+ 32. Rxd3 Qxc1+
33. Kf3 Qf1+ 34. Ke4 Bc2 35. Ke3 Qxd3+ 36. Kf4 Ng6+ 37. Kg5 h6+ 38. Kh5 Qd5+
39. g5 Qxg5# 0-1

[Event "Coupe de la Federation (R)"]
[Site "?"]
[Date "2002.??.??"]
[Round "3"]
[White "Billiard, Bernard"]
[Black "Gillard, Sandrine"]
[Result "1-0"]
[WhiteElo "1699"]
[BlackElo "1740"]
[PlyCount "51"]
[EventDate "2002.??.??"]

1. e4 e5 2. Nf3 Nc6 3. Bb5 Nf6 4. Qe2 Bc5 5. c3 O-O 6. O-O d5 7. d3 h6 8. Nbd2
a6 9. Bxc6 bxc6 10. Nxe5 Qd6 11. d4 Bb6 12. Nd3 dxe4 13. Nxe4 Qe6 14. Nxf6+
Qxf6 15. Bf4 Bf5 16. Bg3 Rfe8 17. Ne5 Qe6 18. Qd2 Rad8 19. Rfe1 c5 20. Nf3 Qc6
21. Qf4 Qf6 22. Bh4 g5 23. Nxg5 hxg5 24. Bxg5 Qg6 25. Bxd8 Rxd8 26. Re5 1-0

[Event "Coupe de la Federation (R)"]
[Site "?"]
[Date "2002.??.??"]
[Round "3"]
[White "Francon, Thierry"]
[Black "Baud, Antoine"]
[Result "0-1"]
[WhiteElo "1670"]
[BlackElo "1650"]
[PlyCount "100"]
[EventDate "2002.??.??"]

1. e4 c5 2. d4 cxd4 3. c3 d6 4. cxd4 Nf6 5. Nc3 Bd7 6. Bc4 Nc6 7. Nf3 e6 8. O-O
Be7 9. Qe2 O-O 10. Rd1 Rc8 11. e5 Ne8 12. Bb3 a6 13. Bc2 f5 14. exf6 Nxf6 15.
d5 exd5 16. Nxd5 Nxd5 17. Rxd5 Nb4 18. Bb3 Nxd5 19. Bxd5+ Kh8 20. b3 Bf6 21.
Bb2 Bxb2 22. Qxb2 Bc6 23. Qd2 Qf6 24. Rd1 Bxd5 25. Qxd5 b5 26. Qb7 d5 27. h3
Rc6 28. Re1 Re6 29. Rc1 h6 30. Qxd5 Rd6 31. Qe4 Rfd8 32. Qe2 Qf4 33. Re1 h5 34.
Kf1 Qf6 35. Nh2 Qf5 36. Nf3 Rd3 37. Nh4 Qg5 38. Nf3 Qf4 39. Qe6 a5 40. Qb6 Rf8
41. Qxb5 Rxf3 42. gxf3 Qxf3 43. Qc5 Qh1+ 44. Ke2 Re8+ 45. Kd3 Qxe1 46. Qc6 Rd8+
47. Kc4 Qc1+ 48. Kb5 Rb8+ 49. Qb6 Rxb6+ 50. Kxb6 Qa3 0-1

[Event "Coupe de la Federation (R)"]
[Site "?"]
[Date "2002.??.??"]
[Round "3"]
[White "Berthelot, Pascal"]
[Black "Martin, Jean-Yves"]
[Result "1-0"]
[WhiteElo "1670"]
[BlackElo "1499"]
[PlyCount "61"]
[EventDate "2002.??.??"]

1. e4 d6 2. d4 Nf6 3. Bd3 g6 4. Ne2 Bg7 5. O-O O-O 6. f4 e5 7. dxe5 dxe5 8.
Nbc3 c6 9. f5 b5 10. Ng3 Nbd7 11. h4 Qb6+ 12. Kh1 Bb7 13. h5 gxh5 14. Nxh5 Nxh5
15. Qxh5 Nf6 16. Qg5 Rad8 17. Rf3 Kh8 18. Be3 c5 19. Qh4 a6 20. Rh3 Bh6 21.
Qxh6 Rg8 22. Bg5 Rxg5 23. Qxg5 Rg8 24. Qh4 c4 25. Be2 b4 26. Nd5 Bxd5 27. exd5
e4 28. Rd1 a5 29. d6 a4 30. Qxf6+ Rg7 31. Rg3 1-0

[Event "Coupe de la Federation (R)"]
[Site "?"]
[Date "2002.??.??"]
[Round "3"]
[White "Durbet, Philippe"]
[Black "Kizilian, Emmanuel"]
[Result "1/2-1/2"]
[WhiteElo "1480"]
[BlackElo "1640"]
[PlyCount "92"]
[EventDate "2002.??.??"]

1. d4 e6 2. c4 b6 3. Nc3 Bb7 4. Nf3 Nf6 5. e3 d5 6. cxd5 Nxd5 7. Bd2 c5 8. dxc5
Bxc5 9. Nxd5 Bxd5 10. Bc3 O-O 11. Be2 Nd7 12. O-O Nf6 13. Nd2 Qe7 14. b3 Rac8
15. Rc1 Ba3 16. Bxf6 Qxf6 17. Rxc8 Rxc8 18. Bf3 Rc1 19. Qe2 Rc2 20. Bxd5 exd5
21. Rd1 Qb2 22. Qd3 Bb4 23. Qxd5 Rxd2 24. Rxd2 Qxd2 25. Qxd2 Bxd2 26. Kf1 f5
27. Ke2 Bb4 28. Kd3 Kf7 29. f3 Ke6 30. e4 fxe4+ 31. fxe4 a6 32. g4 Ke5 33. h4
b5 34. g5 h6 35. gxh6 gxh6 36. h5 Bc5 37. a4 Bb6 38. axb5 axb5 39. Kc3 Kxe4 40.
Kb4 Kf5 41. Kxb5 Bc7 42. Kc4 Kg5 43. Kd3 Kxh5 44. Ke3 Kg4 45. Kf2 Kh3 46. Kg1
Kg3 1/2-1/2

[Event "Coupe de la Federation (R)"]
[Site "?"]
[Date "2002.??.??"]
[Round "3"]
[White "Lanoe, Brendan"]
[Black "Chabas, Jean-Luc"]
[Result "0-1"]
[WhiteElo "1610"]
[BlackElo "1580"]
[PlyCount "90"]
[EventDate "2002.??.??"]

1. e4 c6 2. d4 d5 3. e5 Bf5 4. Be3 e6 5. a3 Nd7 6. h3 c5 7. Bd3 Bxd3 8. cxd3
Qb6 9. dxc5 Qxb2 10. Nd2 Bxc5 11. Bxc5 Nxc5 12. Ndf3 Nxd3+ 13. Qxd3 Qxa1+ 14.
Ke2 Qb2+ 15. Nd2 Qxe5+ 16. Kd1 Qa1+ 17. Ke2 Qb2 18. Ngf3 Qb6 19. Rb1 Qc7 20.
Qd4 Nf6 21. Ne5 O-O 22. f3 Rfc8 23. g4 b6 24. Nd3 Qc3 25. Qa4 Qc7 26. f4 Qc2
27. Qb4 Ne4 28. Rb2 Qc6 29. Qb3 Nxd2 30. Kxd2 Qc4 31. Qd1 Rc7 32. Rc2 Qxc2+ 33.
Qxc2 Rxc2+ 34. Kxc2 Rc8+ 35. Kb3 Kf8 36. Ne5 f6 37. Nd3 Ke7 38. Nf2 Kd6 39. Nd3
e5 40. fxe5+ fxe5 41. Nb2 a6 42. a4 e4 43. Nd1 Ke5 44. Nc3 d4 45. Ne2 e3 0-1

[Event "Coupe de la Federation (R)"]
[Site "?"]
[Date "2002.??.??"]
[Round "3"]
[White "Lestra, Franck"]
[Black "Perrot, Pierre"]
[Result "1-0"]
[WhiteElo "1530"]
[BlackElo "1710"]
[PlyCount "75"]
[EventDate "2002.??.??"]

1. d4 d5 2. c4 c6 3. e3 Nf6 4. Nc3 e6 5. b3 Bd6 6. Nf3 Nbd7 7. Be2 O-O 8. O-O
dxc4 9. bxc4 e5 10. Qb3 b6 11. Ba3 Qc7 12. Bxd6 Qxd6 13. Rad1 Qc7 14. Rfe1 Ba6
15. Nd2 Ne8 16. Bf3 Bb7 17. a4 Nd6 18. Nde4 Kh8 19. Nxd6 Qxd6 20. Ne4 Qe7 21.
c5 f5 22. Nd6 Nf6 23. Nxf5 Qc7 24. Nd6 exd4 25. Nxb7 Qxb7 26. Rxd4 Nd7 27. Rc1
Ne5 28. Be4 Rac8 29. a5 Rb8 30. f4 bxc5 31. Qxb7 Rxb7 32. Rxc5 Ng4 33. Rxc6
Rfb8 34. Rcd6 Re7 35. Rd8+ Re8 36. Rxb8 Rxb8 37. h3 Nxe3 38. Kf2 1-0

[Event "Coupe de la Federation (R)"]
[Site "?"]
[Date "2002.??.??"]
[Round "3"]
[White "Fantin, Jacques"]
[Black "Valet, Godeffroy"]
[Result "0-1"]
[WhiteElo "1560"]
[BlackElo "1500"]
[PlyCount "114"]
[EventDate "2002.??.??"]

1. d4 d5 2. Nc3 Bf5 3. e3 e6 4. Bd3 Bxd3 5. Qxd3 c5 6. Qb5+ Qd7 7. Qxd7+ Nxd7
8. Nf3 Ngf6 9. Nb5 Kd8 10. Nc3 c4 11. O-O Bb4 12. Bd2 a6 13. a3 Bd6 14. b4 h6
15. Na4 b6 16. Nc3 g5 17. h3 Ne4 18. Nxe4 dxe4 19. Nh2 f5 20. Bc3 Rg8 21. Rfd1
h5 22. a4 g4 23. hxg4 hxg4 24. g3 Ke7 25. Kg2 Rh8 26. d5 e5 27. Rh1 Nf6 28.
Rad1 Rh7 29. Nf1 Rxh1 30. Kxh1 Rh8+ 31. Kg2 Rd8 32. Bb2 Bxb4 33. Bxe5 Nxd5 34.
Bd4 Bc3 35. Bxc3 Nxc3 36. Rxd8 Kxd8 37. Nd2 b5 38. axb5 axb5 39. Kf1 Kc7 40.
Ke1 Kc6 41. Nf1 Kc5 42. Kd2 Kb4 43. Kc1 Na4 44. Nd2 Nc5 45. Nb1 c3 46. Kd1 Na4
47. Ke1 Kc5 48. Kf1 b4 49. Ke2 Kc4 50. Kd1 b3 51. cxb3+ Kxb3 52. Nxc3 Nxc3+ 53.
Kd2 Na2 54. Kd1 Kc3 55. Ke2 Kc2 56. Ke1 Nc1 57. Kf1 Kd2 0-1

[Event "Coupe de la Federation (R)"]
[Site "?"]
[Date "2002.??.??"]
[Round "3"]
[White "Barthelemy, Jerome"]
[Black "Allewart, Yoan"]
[Result "1/2-1/2"]
[WhiteElo "1400"]
[BlackElo "1510"]
[PlyCount "91"]
[EventDate "2002.??.??"]

1. d4 d5 2. c4 c6 3. Nc3 Nf6 4. Bg5 Nbd7 5. Nf3 e6 6. Qc2 Qa5 7. e3 Bb4 8. Be2
Ne4 9. Rc1 Qxa2 10. O-O Bxc3 11. bxc3 Qxc2 12. Rxc2 O-O 13. Bf4 Ndf6 14. c5 Re8
15. Ne5 Nd7 16. Nxd7 Bxd7 17. f3 Nf6 18. Rb1 Bc8 19. Ra2 Nd7 20. Rba1 a6 21.
Rb1 e5 22. Bg5 f6 23. Bh4 exd4 24. exd4 g5 25. Bf2 f5 26. Bd3 f4 27. Bf5 Re7
28. Rbb2 Rb8 29. Re2 Rxe2 30. Rxe2 Nf6 31. Bxc8 Rxc8 32. Re7 Rb8 33. g3 b5 34.
cxb6 Rxb6 35. Ra7 Rb3 36. Rxa6 Rxc3 37. Kg2 Kf7 38. Be1 Rc2+ 39. Bf2 fxg3 40.
hxg3 g4 41. Ra3 Ke6 42. Re3+ Kd6 43. Re5 gxf3+ 44. Kxf3 Rc3+ 45. Re3 Rxe3+ 46.
Bxe3 1/2-1/2

[Event "Coupe de la Federation (R)"]
[Site "?"]
[Date "2002.??.??"]
[Round "3"]
[White "Mazet, Pascal"]
[Black "Breha, Guillaume"]
[Result "1/2-1/2"]
[WhiteElo "1670"]
[BlackElo "1660"]
[PlyCount "97"]
[EventDate "2002.??.??"]

1. b4 Nf6 2. Bb2 e6 3. a3 b6 4. e3 Bb7 5. Nf3 Be7 6. Be2 d6 7. O-O Nbd7 8. c4
Rg8 9. d3 h5 10. Nbd2 Nh7 11. h3 g5 12. Nh2 Ndf6 13. Bf3 Bxf3 14. Qxf3 g4 15.
Qc6+ Kf8 16. hxg4 hxg4 17. g3 Rb8 18. Bxf6 Nxf6 19. Ne4 Qd7 20. Qxd7 Nxd7 21.
Kg2 f5 22. Nc3 Ne5 23. Rad1 a6 24. Rd2 Bf6 25. Ne2 Ke7 26. Rc1 c5 27. d4 Nc6
28. d5 Nd8 29. dxe6 Nxe6 30. Nf4 Nxf4+ 31. exf4 Bd4 32. Re1+ Kd7 33. Rde2 Rbe8
34. Rxe8 Rxe8 35. Rxe8 Kxe8 36. bxc5 dxc5 37. f3 b5 38. cxb5 axb5 39. fxg4 fxg4
40. Nf1 Bb2 41. Kf2 Bxa3 42. Ke2 b4 43. Kd3 b3 44. Kc3 b2 45. Kc2 Ke7 46. Ne3
c4 47. Nxg4 Ke6 48. Ne3 Bc5 49. Nxc4 1/2-1/2

[Event "Coupe de la Federation (R)"]
[Site "?"]
[Date "2002.??.??"]
[Round "3"]
[White "Abli-Bouyo, Sim"]
[Black "Landau, Yves"]
[Result "0-1"]
[WhiteElo "1500"]
[BlackElo "1530"]
[PlyCount "78"]
[EventDate "2002.??.??"]

1. d4 d5 2. c4 dxc4 3. Nf3 Nf6 4. Nc3 e6 5. e3 c5 6. Bxc4 a6 7. O-O b5 8. Bd3
Bb7 9. dxc5 Bxc5 10. Ng5 O-O 11. Qc2 h6 12. Nge4 Bb6 13. Nxf6+ Qxf6 14. Be4 Nc6
15. Rb1 Rac8 16. Qe2 Qe7 17. Qh5 Rfd8 18. Bf3 Ba5 19. Ne4 Nb4 20. Bd2 Bxe4 21.
Bxb4 Qxb4 22. a3 Bxf3 23. axb4 Bxh5 24. bxa5 Rc2 25. Rfc1 Rdd2 26. Rxc2 Rxc2
27. f3 Kf8 28. b4 Bg6 29. e4 f5 30. exf5 Bxf5 31. Rd1 Ke7 32. Rd4 Rb2 33. h3 e5
34. Rh4 Bd3 35. Kh2 Bc4 36. Re4 Ke6 37. f4 Re2 38. Rxe5+ Rxe5 39. fxe5 Kxe5 0-1

[Event "Coupe de la Federation (R)"]
[Site "?"]
[Date "2002.??.??"]
[Round "3"]
[White "Vauchot, Joseph"]
[Black "Fazekas, Sylvain"]
[Result "0-1"]
[WhiteElo "1370"]
[BlackElo "1499"]
[PlyCount "46"]
[EventDate "2002.??.??"]

1. e4 Nf6 2. d3 e5 3. Bg5 Bc5 4. Nf3 d6 5. Be2 Nc6 6. c3 Bb6 7. Nbd2 h6 8. Bh4
g5 9. Bg3 Nh5 10. Nc4 g4 11. Nxb6 axb6 12. Nh4 Nxg3 13. fxg3 h5 14. O-O Be6 15.
b3 Qg5 16. Kh1 O-O-O 17. d4 exd4 18. cxd4 d5 19. e5 Qe3 20. Nf5 Bxf5 21. Rxf5
Nxd4 22. Rxh5 Nxe2 23. Rf5 Nxg3# 0-1

[Event "Coupe de la Federation (R)"]
[Site "?"]
[Date "2002.??.??"]
[Round "3"]
[White "Francois, Michel"]
[Black "Boudignon, Jacques"]
[Result "1/2-1/2"]
[WhiteElo "1510"]
[BlackElo "1360"]
[PlyCount "93"]
[EventDate "2002.??.??"]

1. d4 d5 2. c4 Nf6 3. cxd5 Nxd5 4. e4 Nb6 5. Nf3 e6 6. Nc3 Be7 7. a4 a5 8. Bf4
O-O 9. Be2 Nc6 10. O-O Nb4 11. Rc1 Nd7 12. Nb5 c6 13. Nd6 Bxd6 14. Bxd6 Re8 15.
Bxb4 axb4 16. Qb3 Qe7 17. Rc4 c5 18. dxc5 Nxc5 19. Qxb4 Nxa4 20. Qxe7 Rxe7 21.
Ra1 Bd7 22. b3 Nb6 23. Rxa8+ Nxa8 24. Rd4 Nc7 25. Ne5 Be8 26. b4 f6 27. Nf3 e5
28. Bc4+ Kf8 29. Rd8 b6 30. Nh4 Rd7 31. Rxd7 Bxd7 32. Nf5 Bxf5 33. exf5 Ne8 34.
Kf1 Nd6 35. Be6 Ke7 36. Ke2 g6 37. g4 h5 38. f3 Kf8 39. Kd3 Kg7 40. Kc3 Kh6 41.
h4 g5 42. hxg5+ Kxg5 43. gxh5 Kxh5 44. Kd3 Kg5 45. Ke3 Nb5 46. Ke4 Nc3+ 47. Kd3
1/2-1/2

[Event "Coupe de la Federation (R)"]
[Site "?"]
[Date "2002.??.??"]
[Round "3"]
[White "Hurault, Frederic"]
[Black "Pareux, Marc"]
[Result "0-1"]
[WhiteElo "1180"]
[BlackElo "1580"]
[PlyCount "68"]
[EventDate "2002.??.??"]

1. c4 g6 2. Nc3 Bg7 3. g3 e5 4. e3 d6 5. Nge2 f5 6. d4 e4 7. Bg2 Nf6 8. O-O O-O
9. d5 Nbd7 10. Nf4 Ne5 11. b3 Qe7 12. h3 Qf7 13. Nb5 g5 14. Ne6 Bxe6 15. dxe6
Qe7 16. Qd4 Nc6 17. Qd2 a6 18. Nd4 Nxd4 19. exd4 Qxe6 20. Qxg5 Ne8 21. f3 Kh8
22. Re1 Bxd4+ 23. Kh2 Bxa1 24. fxe4 Bg7 25. Bf4 Rf6 26. e5 Rg6 27. Bd5 Qc8 28.
e6 Rxg5 29. Bxg5 c6 30. Bf3 Be5 31. c5 Qxe6 32. Kg2 Qg6 33. h4 h6 34. Be7 Qxg3+
0-1

[Event "Coupe de la Federation (R)"]
[Site "?"]
[Date "2002.??.??"]
[Round "3"]
[White "Djouder, Larbi"]
[Black "Maillet, Patrice"]
[Result "0-1"]
[WhiteElo "1499"]
[BlackElo "1620"]
[PlyCount "106"]
[EventDate "2002.??.??"]

1. e4 c6 2. d4 d5 3. e5 Bf5 4. Bd3 Bxd3 5. Qxd3 e6 6. Ne2 c5 7. c3 Nc6 8. O-O
Qb6 9. Nd2 cxd4 10. cxd4 f6 11. f4 fxe5 12. fxe5 Nxe5 13. Qh3 Nf6 14. Nb3 Ned7
15. Bg5 Be7 16. Nf4 e5 17. Nd3 O-O 18. Kh1 exd4 19. Rae1 Rae8 20. Nf4 Bd8 21.
Ne6 Qb4 22. Rd1 Rf7 23. Nxd8 Rxd8 24. Rxd4 Qb5 25. Rdd1 Qe2 26. Qc3 Ne4 27. Qc1
Rdf8 28. Rxf7 Rxf7 29. Bh4 Nf2+ 30. Bxf2 Rxf2 31. Re1 Qxb2 32. Qd1 Nf6 33. Nd4
Rxg2 34. Ne2 Rg5 35. Rf1 Qxa2 36. Qe1 d4 37. Ng3 Qd5+ 38. Kg1 Ne4 39. Rf4 Nf6
40. Qc1 h6 41. Qc8+ Kh7 42. Qc2+ Kg8 43. Qc8+ Kf7 44. Qc7+ Kg6 45. Qc2+ d3 46.
Qf2 d2 47. Rd4 Qa5 48. Rxd2 Qc5 49. Rd4 h5 50. Kf1 Qc1+ 51. Ke2 Re5+ 52. Kf3 h4
53. Ne2 Qh1+ 0-1

[Event "Coupe de la Federation (R)"]
[Site "?"]
[Date "2002.??.??"]
[Round "3"]
[White "Brasseur, Franck"]
[Black "Thevenet, Quentin"]
[Result "0-1"]
[WhiteElo "1550"]
[BlackElo "1240"]
[PlyCount "72"]
[EventDate "2002.??.??"]

1. d4 d5 2. c4 dxc4 3. Nc3 Nc6 4. e3 Bf5 5. a3 Nf6 6. Bxc4 e5 7. d5 Na5 8. Qa4+
c6 9. dxc6 bxc6 10. Ba2 Bd7 11. b4 c5 12. Qc2 cxb4 13. axb4 Bxb4 14. Nge2 O-O
15. O-O Qc7 16. Bb2 Be6 17. Bxe6 fxe6 18. Rfc1 Nd5 19. Nxd5 Qxc2 20. Rxc2 exd5
21. Bxe5 Rac8 22. Rc7 Rxc7 23. Bxc7 Nc4 24. Nf4 a5 25. Nxd5 Rc8 26. Ne7+ Bxe7
27. Bg3 Ra8 28. Rc1 Nb2 29. Rc7 Bf6 30. f4 a4 31. e4 a3 32. e5 a2 33. Rc1 a1=Q
34. Rxa1 Rxa1+ 35. Kf2 Be7 36. Ke3 Ra4 0-1

[Event "Coupe de la Federation (R)"]
[Site "?"]
[Date "2002.??.??"]
[Round "3"]
[White "Cherrid, Francois"]
[Black "Cherrid, Jean-Michel"]
[Result "1-0"]
[WhiteElo "1410"]
[BlackElo "1530"]
[PlyCount "55"]
[EventDate "2002.??.??"]

1. e4 c5 2. Nf3 d6 3. d4 cxd4 4. Nxd4 Nf6 5. Nc3 e5 6. Nf3 Nbd7 7. Bc4 h6 8.
O-O Nc5 9. Be3 Nfxe4 10. Nxe4 Nxe4 11. Qd5 Be6 12. Qxe4 d5 13. Qxe5 dxc4 14.
Rfd1 Qb8 15. Qb5+ Ke7 16. Bc5+ Kf6 17. Rd4 Bxc5 18. Qxc5 Rc8 19. Qa3 Qc7 20.
Qc3 Ke7 21. Re1 Rd8 22. Rxc4 Qb6 23. Rb4 Qa5 24. Nd4 Qxa2 25. Nf5+ Ke8 26. Rxb7
Qd5 27. Re7+ Kf8 28. Qxg7# 1-0

[Event "Coupe de la Federation (R)"]
[Site "?"]
[Date "2002.??.??"]
[Round "3"]
[White "Nyd, Christopher"]
[Black "Doran, Niall"]
[Result "1-0"]
[WhiteElo "1530"]
[BlackElo "1499"]
[PlyCount "77"]
[EventDate "2002.??.??"]

1. d4 d5 2. c4 c6 3. Nc3 Nf6 4. Nf3 e6 5. Bg5 Be7 6. Bxf6 Bxf6 7. e4 dxe4 8.
Nxe4 O-O 9. Nxf6+ Qxf6 10. Bd3 Rd8 11. O-O c5 12. d5 exd5 13. cxd5 Rxd5 14.
Bxh7+ Kxh7 15. Qxd5 Qg6 16. Rfe1 f6 17. Re4 Bg4 18. h3 f5 19. Rf4 Qh6 20. hxg4
Qxf4 21. Qxb7 fxg4 22. Ne1 Qd4 23. g3 Nc6 24. Qxa8 Qxb2 25. Rd1 Qe2 26. Rb1
Qxa2 27. Qb7 Nb4 28. Qh1+ Kg8 29. Rd1 Qe2 30. Rd8+ Kf7 31. Qh5+ g6 32. Qh7+ Kf6
33. Rd6+ Qe6 34. Rxe6+ Kxe6 35. Qxg6+ Kd5 36. Qxg4 c4 37. Qd1+ Kc5 38. Nc2 a5
39. g4 1-0

[Event "Coupe de la Federation (R)"]
[Site "?"]
[Date "2002.??.??"]
[Round "3"]
[White "Roncin, Cesar"]
[Black "Dumont, Quentin"]
[Result "1-0"]
[WhiteElo "1640"]
[BlackElo "1270"]
[PlyCount "37"]
[EventDate "2002.??.??"]

1. e4 e5 2. f4 Bc5 3. Nf3 exf4 4. d4 Bb6 5. Bxf4 d6 6. Nc3 Nc6 7. Bc4 Be6 8. d5
Na5 9. dxe6 Nxc4 10. exf7+ Kxf7 11. Qd5+ Ke8 12. Qxc4 Qf6 13. Bg5 Qf8 14. Rf1
Nf6 15. Qe6+ Kd8 16. e5 dxe5 17. Rd1+ Bd4 18. Nxe5 c5 19. Qd7# 1-0